Sanat - ”Huuda!” - Haloo Helsinki - Statistics

Yleistilastot
  • Tätä visaa on pelattu 377 kertaa
  • Keskiarvotulos 138 / 206
Vastaustilastot
Sanat % Oikein
Huuda,
100%
huuda
100%
huuda,
100%
Huuda
100%
ilosta!
97%
ilosta.
97%
Ja
95%
ja
95%
91%
vapaudesta
90%
onnesta!
89%
onnesta.
89%
voi.
85%
voit
83%
totuuden.
78%
77%
tietää
73%
n
69%
tai
64%
jatkaa
59%
kun
58%
valehdellen
55%
herään
54%
otan
54%
aamuviideltä,
53%
liedeltä.
53%
teekupin
53%
vihreän
52%
saan
51%
hymyillen.
49%
järjestän
49%
maailma
47%
tahdon
47%
uusiin
47%
ei
46%
muuttaa,
46%
biisejä
45%
joista
44%
joraan
44%
niitä
44%
pinoihin.
44%
kiksejä.
43%
se
42%
hihoihin.
40%
poistuu
40%
rotsin
40%
maailmaa
39%
maailmaa.
39%
rock'
39%
siitä
39%
taas
39%
nautin
38%
sanon
38%
uudet
38%
vinyylit
38%
huomenta
36%
hyvää
36%
merkit
36%
roll
36%
tunteesta,
36%
elämästä.
35%
joka
35%
näen
35%
ripustan
35%
vapaa
35%
papasta.
33%
soi
33%
kuolla
32%
lisää
32%
bailaa.
31%
jotain
31%
mummosta
31%
ohikulkijan
31%
riemua
31%
hetken
30%
yksin
30%
avoinna.
29%
jälkeen
29%
kadulla
29%
laulaa
29%
ovet
29%
pidän
29%
tanssin
29%
ilmeestä.
27%
elämän
22%
rakkauden
22%
panosta.
19%
youngilla
19%
siihen
18%
rauhasta
15%
kropasta.
13%
janosta
11%
ehjästä
7%
pääkopasta
7%
Ja sä
3%
ja himosta.
2%
onesta!
2%
valtimoista
1%
Ehtoja vastaavia visoja ei löytynyt
Tulosjakauma
Jokaisen tuloksen saaneiden osuus
Persentiili vastausten määrän mukaan
Tuloshistoriasi
Et ole pelannut tätä visaa